Fundamental of cyber security (Record no. 5702)

MARC details
000 -LEADER
fixed length control field 00455nam a2200169Ia 4500
008 - FIXED-LENGTH DATA ELEMENTS--GENERAL INFORMATION
fixed length control field 230917s9999||||xx |||||||||||||| ||und||
020 ## - ISBN
Price RS 399.00
040 ## - CATALOGING SOURCE
-- 5005642
Original cataloging agency VIVEKANANDA LIBRARY
041 ## - Language
-- English
082 ## - DDC NUMBER
Classification number 005.8 B469F
100 ## - MAIN ENTRY--PERSONAL NAME
Personal name Bhushan, Mayank
245 #0 - TITLE STATEMENT
Title Fundamental of cyber security
260 ## - PUBLICATION, DISTRIBUTION, ETC. (IMPRINT)
Place of publication, distribution, etc New Delhi
Name of publisher, distributor, etc BPB Publications
Date of publication, distribution, etc 2017
300 ## - PHYSICAL DESCRIPTION
Pages xvi, 211 p.
500 ## - GENERAL NOTE
General note 4565 12/09/2022 HBD22/9450 04/11/2022 Main Budget
942 ## - ADDED ENTRY ELEMENTS (KOHA)
Koha item type Books
Holdings
Withdrawn status Lost status Damaged status Not for loan Location (home branch) Sublocation or collection (holding branch) Date acquired Koha issues (times borrowed) Koha full call number Accession No. Koha date last seen Koha item type
        VIVEKANANDA LIBRARY VIVEKANANDA LIBRARY 17/11/2022 3 005.8 B469F 401357 24/03/2025 Books
        VIVEKANANDA LIBRARY VIVEKANANDA LIBRARY 17/11/2022 1 005.8 B469F 401358 01/10/2025 Books
© Designed and Maintained by Vivekananda Library, MDU Rohtak